000 00825nam a22002057a 4500
003 0
005 20250205140351.0
008 250205b xxu||||| |||| 00| 0 eng d
050 _aLB 1028.3
_b.An54 2024
100 _aAndes, Rochelle R.
245 _aEdusupport:
_bSISC student mentoring management system for CAPS College Division.
_cRochelle R. Andes
260 _aLas Pinas City
_bSouthville International School and Colleges
_c2024
300 _axiv, 183 pages:
_bcolored illustration;
_c28cm.
500 _aBachelor of Science in Information Technology.
504 _aIncludes bibliographical references and appendices.
650 _aStudent Mentoring -- Support Systems.
650 _aStudent Information Systems -- Mentoring Programs.
650 _aEducational Technology -- Student Guidance.
942 _2lcc
_cTH
999 _c367140
_d367140